Quiz sur la musique internationale VOL1 - Statistiques

Statistiques générales
  • Ce quiz a été pris 65 fois
  • Le résultat moyen est 7 sur 15
Statistiques - réponses
Question Réponse % Correct
Qui a assuré le spectacle de la mi-temps du Super Bowl en 2026? Bad Bunny
96%
Quel album s'est le + vendu dans le monde? "Thriller" de Michael Jackson
81%
Quel est le vrai nom de The Weeknd? Abel Makkonen Tesfaye
65%
Quel est le prénom des 4 membres des Beatles? John + Paul + George + Ringo
63%
Qui n'est pas canadien? Lana Del Rey
62%
Qui était le chanteur de Wham? George Michael
54%
Quel titre n'est pas la bande originale d'un film? "Chantaje" de Shakira & Maluma
50%
Lequel de ces albums de Britney Spears est le + récent?
46%
Qui a représenté le Luxembourg à l'Eurovision en 1963? Nana Mouskouri
31%
Quel groupe incarne l'eurodance des années 90? Ace of base
29%
Qui interprète la version US de "Le monde est stone" de Starmania, rebaptisé Tycoon? Cyndi Lauper
29%
Lequel de ces albums n'est pas de Michael Jackson? The Icon Is Love
29%
Quels titres appartiennent au répertoire de Rihanna? Work / Disturbia / Stay
29%
Qui interprète "Una storia importante"? Eros Ramazzotti
27%
Lequel de ces groupes est NKOTB?
25%
Aucun quiz correspondant
Distribution des résultats
% des personnes avec chaque résultat
Percentile par nombre de réponses
Votre historique - résultats
Vous n’avez pas pris ce quiz